California memories, (Record no. 17758)
[ view plain ]
| 000 -LEADER | |
|---|---|
| fixed length control field | 00624cam a22002171 4500 |
| 001 - CONTROL NUMBER | |
| control field | ca 35000156 |
| 003 - CONTROL NUMBER IDENTIFIER | |
| control field | DLC |
| 005 - DATE AND TIME OF LATEST TRANSACTION | |
| control field | 20260227111137.0 |
| 008 - FIXED-LENGTH DATA ELEMENTS--GENERAL INFORMATION | |
| fixed length control field | 940413s1934 cau 000 0 eng |
| 010 ## - LIBRARY OF CONGRESS CONTROL NUMBER | |
| LC control number | ca 35000156 |
| 035 ## - SYSTEM CONTROL NUMBER | |
| System control number | (OCoLC)30136838 |
| 040 ## - CATALOGING SOURCE | |
| Original cataloging agency | DLC |
| Transcribing agency | CU |
| Modifying agency | DLC |
| 042 ## - AUTHENTICATION CODE | |
| Authentication code | premarc |
| 050 00 - LIBRARY OF CONGRESS CALL NUMBER | |
| Classification number | PS3531.E287 |
| Item number | C3 1934 |
| 082 ## - DEWEY DECIMAL CLASSIFICATION NUMBER | |
| Classification number | 811.5 |
| 100 1# - MAIN ENTRY--PERSONAL NAME | |
| Personal name | Peffer, Susannah Pollock. |
| 245 10 - TITLE STATEMENT | |
| Title | California memories, |
| Statement of responsibility, etc. | by Susannah Pollock Peffer. |
| 260 ## - PUBLICATION, DISTRIBUTION, ETC. | |
| Place of publication, distribution, etc. | [Los Angeles, |
| Name of publisher, distributor, etc. | Printed by the Broadway Press, Inc.] |
| Date of publication, distribution, etc. | c1934. |
| 300 ## - PHYSICAL DESCRIPTION | |
| Extent | 7 l. |
| Dimensions | 23 cm. |
| 651 #0 - SUBJECT ADDED ENTRY--GEOGRAPHIC NAME | |
| Geographic name | California |
| General subdivision | Description and travel |
| Form subdivision | Poetry. |
No items available.